000
00497nam a2200157Ia 4500
008
090124s9999 xx 000 0 und d
082
_b
205359
245
_a
चालिकी का सिध्दांत
250
_a
1
260
_b
शर्मा संजीव
_c
2001
300
_a
72
630
_a
चालिकी का सिध्दांत
700
_a
शर्मा संजीव
730
_a
चालिकी का सिध्दांत
942
_c
BOOK
999
_c
186940
_d
186940